00523nam a2200181 a 4500001001300000003000900013005001700022008004100039020002300080082001700103100002100120245006600141260003700207300000900244500003500253505002700288650002600315nice12345678IN_TiNIC20260116014348.0100326s2004 seca grp 000 0 eng  a9788173625404c17900a230.046bGRE aGrenz, J Stanley a20th Century Theologyb God & the World in a Transitional Age aSec-Bad bAuthentic Books c2004 a393p aincludes index and biblioraphy2 aName and Subject Index aTheology-20th Century